01051nam a2200229 a 4500001001000000005001700010008004100027020001500068040001800083050001900101245010200120260011700222300004200339500013200381500006500513504002800578610007000606650005000676650006100726700001400787700002000801BRCA_131420190320203354.0940215s1994 dcua---##b---#001-0#eng-# a1560984538 aDLCcDLCdDLC 4aE98b.C74 199410aCreation´s journeybNative American Identity and Beliefcedited by Tom Hill and Richard W. Hill. aWashingtonbSmithsonian Institution Press : National Museum of the American Indian Smithsonian Institutionc1994 a255 p.bil. (algunas a color)c31 cm. aCatálogo de la exposición realizada en el National Museum of the American Indian, (Nueva York), octubre 1994 - febrero 1997 aEpílogo : ´Art Through Indian Eyes´. Richard W. Hill Sr. aBiliografia: p. 247-25224aMuseo Nacional del Indio Americano (Estados Unidos)vExposiciones14aArte indígenavExposicioneszNorteamérica14aIndios de NorteaméricavExposicionesxCultura material1 aHill, Tom1 aHill, Richard W